[Event "Kieler Open 2015 Gruppe A"]
[Site "Kiel"]
[Date "2015.07.27"]
[Round "5.29"]
[White "Möller, Dustin"]
[Black "Bosselmann, Tom Linus"]
[Result "0-1"]
[WhiteElo "1947"]
[BlackElo "1701"]
[PlyCount "30"]
[EventDate "2015.??.??"]
[WhiteTeam "Eckernförder SC"]
[BlackTeam "Lübecker SV"]

1. Nf3 Nf6 2. g3 d5 3. Bg2 c6 4. O-O Bf5 5. d3 h6 6. Nbd2 e6 7. Qe1 Be7 8. e4
Bh7 9. b3 O-O 10. Bb2 Na6 11. Qe2 Nb4 12. c4 Nxd3 13. exd5 Nxb2 14. Ne5 exd5
15. Ndf3 Ba3 0-1

[Event "Kieler Open 2015 Gruppe A"]
[Site "Kiel"]
[Date "2015.07.27"]
[Round "5.30"]
[White "Lehr, Thomas"]
[Black "Eberhardt, Michael"]
[Result "1-0"]
[WhiteElo "1939"]
[BlackElo "1827"]
[PlyCount "81"]
[EventDate "2015.??.??"]
[WhiteTeam "Husumer SV"]
[BlackTeam "SC Agon Neumünster"]

1. e4 d5 2. exd5 Nf6 3. Bb5+ Bd7 4. Bc4 a6 5. a4 Bg4 6. f3 Bf5 7. Nc3 c6 8.
dxc6 Nxc6 9. Nge2 e5 10. O-O Bc5+ 11. Kh1 O-O 12. d3 Re8 13. Bg5 Be7 14. Ng3
Bg6 15. Qd2 Nh5 16. Nge4 Bxg5 17. Nxg5 h6 18. Nge4 Kh7 19. Nd5 f5 20. Nec3 f4
21. Qf2 Nd4 22. a5 Nf5 23. Ne4 Rc8 24. b3 Nfg3+ 25. Nxg3 fxg3 26. hxg3 Rf8 27.
Rfe1 Qg5 28. g4 Nf6 29. Nxf6+ Rxf6 30. Qe3 Qh4+ 31. Kg1 Re8 32. Bd5 Rc8 33. Re2
Rff8 34. Bxb7 Rcd8 35. Bxa6 h5 36. gxh5 Qxh5 37. Qxe5 Rf5 38. Qh2 Rdf8 39.
Qxh5+ Bxh5 40. Bb7 Rg5 41. a6 1-0

[Event "Kieler Open 2015 Gruppe A"]
[Site "Kiel"]
[Date "2015.07.27"]
[Round "5.31"]
[White "Sommer, Stefan"]
[Black "Saß, Patrick"]
[Result "1/2-1/2"]
[WhiteElo "1729"]
[BlackElo "1878"]
[PlyCount "94"]
[EventDate "2015.??.??"]
[WhiteTeam "SV RUGIA Bergen"]
[BlackTeam "SV Bad Schwartau"]

1. e4 c5 2. Nf3 e6 3. Bc4 Nc6 4. O-O Nge7 5. c3 g6 6. Bb3 Bg7 7. d4 cxd4 8.
cxd4 d5 9. e5 O-O 10. Bc2 Nb4 11. Bb3 b6 12. Bg5 Ba6 13. Qd2 Nbc6 14. Rc1 Qd7
15. Ba4 b5 16. Bc2 Bb7 17. Nc3 a6 18. Bf6 Rfc8 19. Ne2 Rc7 20. Bxg7 Kxg7 21.
Qg5 Ng8 22. a3 Rac8 23. Bd1 Qe7 24. Qd2 Nh6 25. Rc3 Nf5 26. g4 Nh4 27. Nxh4
Qxh4 28. Nf4 Qe7 29. Rh3 Rh8 30. Ne2 f6 31. Qh6+ Kg8 32. Nf4 Qf7 33. Bc2 Nxe5
34. dxe5 Rxc2 35. Rf3 d4 36. Nxe6 Qxe6 37. exf6 Rc7 38. Rf4 Qd5 39. f3 d3 40.
Re1 Qc5+ 41. Kf1 Qf8 42. Qg5 d2 43. Rd1 Rc5 44. f7+ Kg7 45. Qf6+ Kh6 46. Qh4+
Kg7 47. Qf6+ Kh6 1/2-1/2

[Event "Kieler Open 2015 Gruppe A"]
[Site "Kiel"]
[Date "2015.07.27"]
[Round "5.32"]
[White "Reinhardt, Johannes"]
[Black "Thormeier, Johannes"]
[Result "1-0"]
[WhiteElo "1875"]
[BlackElo "1432"]
[PlyCount "75"]
[EventDate "2015.??.??"]
[WhiteTeam "SV Bad Schwartau"]
[BlackTeam "SC Wolfsburg"]

1. e4 c6 2. d4 d5 3. Nc3 dxe4 4. Nxe4 Nd7 5. Bc4 e6 6. Nf3 Ngf6 7. Ng3 Bd6 8.
O-O O-O 9. Re1 Nd5 10. Bd3 Nf4 11. Bxf4 Bxf4 12. Ne4 f5 13. Ng3 Nf6 14. c3 Ng4
15. Bc4 Qd6 16. Qe2 Rf6 17. Ne5 Bxg3 18. hxg3 Qf8 19. Nxg4 fxg4 20. Rad1 Bd7
21. Rd2 h5 22. Qe5 Rh6 23. Rde2 Re8 24. Re4 Kh8 25. Rf4 Qe7 26. Bd3 Rf8 27.
Rxf8+ Qxf8 28. Qc7 Qc8 29. Qa5 a6 30. Qc5 Qe8 31. Re4 Rf6 32. Re5 g6 33. Rg5
Kg7 34. Qe5 Kf7 35. Bc2 Qe7 36. Kf1 Rf5 37. Bxf5 Qxg5 38. Bxe6+ 1-0

[Event "Kieler Open 2015 Gruppe A"]
[Site "Kiel"]
[Date "2015.07.27"]
[Round "5.33"]
[White "Gutschenreiter, Donato"]
[Black "Schumacher, Horst"]
[Result "1-0"]
[WhiteElo "1639"]
[BlackElo "1815"]
[PlyCount "39"]
[EventDate "2015.??.??"]
[WhiteTeam "Flensburger SK"]
[BlackTeam "TuS Holtenau"]

1. e4 d5 2. exd5 Nf6 3. d4 Bg4 4. Bb5+ Bd7 5. Be2 c6 6. dxc6 Bxc6 7. Nf3 e6 8.
Bf4 Bd6 9. Bxd6 Qxd6 10. c3 O-O 11. Nbd2 Nbd7 12. Nc4 Qc7 13. O-O Rad8 14. Nce5
Bxf3 15. Nxf3 e5 16. Qb3 b6 17. Rad1 Rfe8 18. Bc4 Rf8 19. Ng5 Ng4 20. Nxf7 1-0

[Event "Kieler Open 2015 Gruppe A"]
[Site "Kiel"]
[Date "2015.07.27"]
[Round "5.34"]
[White "Gutschenreiter, Dorian"]
[Black "Wunderlich, Matthias"]
[Result "1/2-1/2"]
[WhiteElo "1865"]
[BlackElo "1730"]
[PlyCount "96"]
[EventDate "2015.??.??"]
[WhiteTeam "Flensburger SK"]
[BlackTeam "BSV-KW Jänschwalde"]

1. e4 d6 2. d4 Nf6 3. Nc3 Nbd7 4. Be3 e5 5. Nf3 Be7 6. h3 c6 7. Be2 O-O 8. O-O
b6 9. Nd2 Bb7 10. a4 a5 11. dxe5 dxe5 12. Nc4 Qc7 13. f4 exf4 14. Bxf4 Bc5+ 15.
Kh2 Qd8 16. e5 Nd5 17. Nxd5 cxd5 18. Nd6 Bc6 19. Bf3 Nxe5 20. Bxe5 Bxd6 21. Qd4
Qc7 22. Bxd6 Qxd6+ 23. Kg1 Qb4 24. Qxb4 axb4 25. b3 Rfe8 26. Rfd1 Ra5 27. Rd4
Rc5 28. Rc1 Bxa4 29. Bxd5 Bc6 30. Bc4 Kf8 31. Rf1 f6 32. Bd3 Bb5 33. Rxb4 Bxd3
34. cxd3 b5 35. d4 Rd5 36. Rc1 Re4 37. Rc8+ Kf7 38. Rc7+ Kf8 39. Rb7 Rexd4 40.
R7xb5 Rxb4 41. Rxb4 Rd2 42. Rb8+ Ke7 43. Rb7+ Kf8 44. b4 h5 45. b5 h4 46. b6
Rb2 47. Rb8+ Kf7 48. b7 Kg6 1/2-1/2

[Event "Kieler Open 2015 Gruppe A"]
[Site "Kiel"]
[Date "2015.07.27"]
[Round "5.35"]
[White "Schulz, Gerhard"]
[Black "Rosenkranz, Bernd-Christian"]
[Result "1-0"]
[WhiteElo "1858"]
[BlackElo "1708"]
[PlyCount "77"]
[EventDate "2015.??.??"]
[WhiteTeam "VT Ludwigslust"]
[BlackTeam "SV VHS Rendsburg"]

1. d4 Nf6 2. Nf3 g6 3. Nc3 Bg7 4. e4 d6 5. Be3 O-O 6. Qd2 Ng4 7. Bg5 Nc6 8. h3
Nf6 9. O-O-O e5 10. dxe5 dxe5 11. Qe3 Qe8 12. Bb5 a6 13. Bxc6 Qxc6 14. Nxe5 Qe6
15. Nd3 Ne8 16. Nd5 f6 17. Bf4 b6 18. Kb1 Bb7 19. Nc3 Nd6 20. Bxd6 cxd6 21. Nf4
Qe7 22. Nfd5 Bxd5 23. Rxd5 b5 24. Rhd1 Rfd8 25. Qg3 b4 26. Na4 f5 27. exf5 Qf6
28. fxg6 hxg6 29. Qb3 Kh7 30. f3 a5 31. Qd3 Bf8 32. Rh5+ Kg7 33. Rb5 Rdc8 34.
Nb6 a4 35. Nxa8 Rxa8 36. Rxb4 d5 37. Rb7+ Kg8 38. Qxd5+ Kh8 39. Rf7 1-0

[Event "Kieler Open 2015 Gruppe A"]
[Site "Kiel"]
[Date "2015.07.27"]
[Round "5.36"]
[White "Rohmann, Volker"]
[Black "Helmich, Jörg"]
[Result "1/2-1/2"]
[WhiteElo "1841"]
[BlackElo "1704"]
[PlyCount "81"]
[EventDate "2015.??.??"]
[WhiteTeam "SVG Friedrichsort"]
[BlackTeam "Regensb. Turnerschaft"]

1. e4 e6 2. d4 d5 3. e5 c5 4. c3 Nc6 5. Nf3 Qb6 6. a3 c4 7. g3 f6 8. Bg2 fxe5
9. Nxe5 Nxe5 10. dxe5 Bc5 11. O-O Ne7 12. Nd2 O-O 13. Qe2 Bd7 14. Rb1 Ba4 15.
Nf3 Ng6 16. h4 Ne7 17. h5 h6 18. Nh4 Be8 19. g4 Nc6 20. Ng6 Bxg6 21. hxg6 Rxf2
22. Rxf2 Rf8 23. Bf3 Nxe5 24. Qxe5 Rxf3 25. Bxh6 Bxf2+ 26. Kg2 Rg3+ 27. Kh2
gxh6 28. Qf4 Bg1+ 29. Kxg3 Qe3+ 30. Qxe3 Bxe3 31. Re1 d4 32. cxd4 Bxd4 33. Rxe6
Bxb2 34. Re7 c3 35. Rc7 b5 36. Kf3 a5 37. Ke2 b4 38. axb4 axb4 39. Kd3 b3 40.
Rxc3 Bxc3 41. Kxc3 1/2-1/2

[Event "Kieler Open 2015 Gruppe A"]
[Site "Kiel"]
[Date "2015.07.27"]
[Round "5.37"]
[White "Götz, Dirk"]
[Black "Isler, Benjamin"]
[Result "1-0"]
[WhiteElo "1798"]
[BlackElo "1704"]
[PlyCount "63"]
[EventDate "2015.??.??"]
[WhiteTeam "TuS Holtenau"]
[BlackTeam "Flensburger SK"]

1. d4 e6 2. Nf3 d5 3. e3 c5 4. c3 Nc6 5. Bd3 Bd6 6. O-O e5 7. e4 Nge7 8. exd5
Nxd5 9. dxe5 Nxe5 10. Bb5+ Nc6 11. Bxc6+ bxc6 12. Re1+ Ne7 13. Ne5 Qc7 14. Nf3
O-O 15. Nbd2 Bg4 16. Qa4 Bh5 17. Qh4 Bg6 18. Qc4 Rfe8 19. Ne4 Nd5 20. Nxd6 Qxd6
21. Bg5 f6 22. Bh4 Bf7 23. Bg3 Qf8 24. Qa4 Rxe1+ 25. Rxe1 Qc8 26. Qa5 c4 27.
Qc5 Qa6 28. a3 Rc8 29. Nd4 Nb6 30. Nxc6 Na4 31. Ne7+ Kf8 32. Qxc8+ 1-0

[Event "Kieler Open 2015 Gruppe A"]
[Site "Kiel"]
[Date "2015.07.27"]
[Round "5.38"]
[White "Karlisch, Moritz"]
[Black "Riha, Peter"]
[Result "1-0"]
[WhiteElo "1722"]
[BlackElo "1787"]
[PlyCount "50"]
[EventDate "2015.??.??"]
[WhiteTeam "SK Doppelbauer Kiel"]
[BlackTeam "Schleswiger SV"]

1. d4 Nf6 2. Bg5 e6 3. e4 h6 4. Bxf6 Qxf6 5. Nf3 d6 6. c4 g6 7. Nc3 Bg7 8. Qd2
O-O 9. Be2 b6 10. O-O Bb7 11. d5 Nd7 12. Rac1 a5 13. Ne1 Nc5 14. Qc2 Qe7 15. b3
Rae8 16. Bf3 Bc8 17. Nd3 Nxd3 18. Qxd3 e5 19. a3 Kh7 20. b4 axb4 21. axb4 Bb7
22. c5 dxc5 23. bxc5 bxc5 24. Na4 Ra8 25. Nxc5 Ba6 1-0

[Event "Kieler Open 2015 Gruppe A"]
[Site "Kiel"]
[Date "2015.07.27"]
[Round "5.39"]
[White "GutierrezBolado, Juan Antonio"]
[Black "Millgramm, Stephan"]
[Result "1-0"]
[WhiteElo "1669"]
[BlackElo "1846"]
[PlyCount "53"]
[EventDate "2015.??.??"]
[WhiteTeam "Spanien"]
[BlackTeam "Flensburger SK"]
[WhiteTeamCountry "ESP"]

1. e4 c5 2. Qh5 e6 3. Nf3 Nf6 4. Qh4 Be7 5. e5 Nd5 6. Qg3 O-O 7. d4 g6 8. h4 h5
9. Bd3 Kg7 10. c4 Nb4 11. Be4 cxd4 12. a3 N8c6 13. Qf4 Rh8 14. g4 Qg8 15. gxh5
Rxh5 16. Rg1 Kh8 17. Ng5 Bxg5 18. hxg5 Qg7 19. Nd2 Nxe5 20. b3 Nec6 21. Bf3 e5
22. Qg3 Rh7 23. Ne4 d5 24. Nf6 Rh3 25. Rh1 Rxh1+ 26. Bxh1 Qf8 27. Qh4+ 1-0

[Event "Kieler Open 2015 Gruppe A"]
[Site "Kiel"]
[Date "2015.07.27"]
[Round "5.40"]
[White "Röhl, Manfred"]
[Black "Laufenburg, Frank"]
[Result "0-1"]
[WhiteElo "1826"]
[BlackElo "1746"]
[PlyCount "108"]
[EventDate "2015.??.??"]
[WhiteTeam "SK Bremen-Nord"]
[BlackTeam "SC Bergen-Enkheim"]

1. d4 d5 2. Nf3 Nf6 3. Nbd2 Bf5 4. e3 c6 5. Be2 Nbd7 6. O-O e6 7. Re1 Bd6 8.
Nf1 Ne4 9. N3d2 Qc7 10. Nxe4 Bxe4 11. f3 Bg6 12. c4 O-O 13. c5 Be7 14. f4 b6
15. cxb6 Qxb6 16. Ng3 Bh4 17. Bd3 Bxd3 18. Qxd3 Nf6 19. Rf1 Bxg3 20. hxg3 Ne4
21. Rf3 Qb4 22. Qe2 f5 23. a3 Qb3 24. Rb1 a5 25. Rf1 Nxg3 26. Qd1 Qa2 27. Bd2
Nxf1 28. Qxf1 Qb3 29. Bc3 Qb5 30. Qd1 c5 31. Rc1 c4 32. Qe1 Rf6 33. Rc2 a4 34.
Bb4 Qe8 35. Qe2 Rh6 36. Qf3 Qh5 37. Qxh5 Rxh5 38. Kf2 Rh4 39. Rc1 Ra7 40. Kf3
Rg4 41. Rh1 Rf7 42. Rg1 g6 43. Rh1 Rg7 44. Rh2 g5 45. fxg5 R7xg5 46. Be1 Rg6
47. g3 Kg7 48. Rh3 Rh6 49. Rxh6 Kxh6 50. Bb4 Kg6 51. Bd6 Kf7 52. Kg2 h5 53. Kh3
Ke8 54. Bc5 Re4 0-1

[Event "Kieler Open 2015 Gruppe A"]
[Site "Kiel"]
[Date "2015.07.27"]
[Round "5.41"]
[White "Friedel, Roland"]
[Black "Wenske, Hardy"]
[Result "1/2-1/2"]
[WhiteElo "1691"]
[BlackElo "1786"]
[PlyCount "33"]
[EventDate "2015.??.??"]
[WhiteTeam "SSC Rostock"]
[BlackTeam "Kieler SG"]

1. d4 d5 2. Nf3 c6 3. c3 Nd7 4. Bg5 h6 5. Bh4 Ngf6 6. Nbd2 Qb6 7. Qb3 e6 8. e3
Qxb3 9. axb3 Bd6 10. Bd3 O-O 11. O-O Re8 12. e4 Nxe4 13. Nxe4 dxe4 14. Bxe4 Be7
15. Bxe7 Rxe7 16. Bc2 a6 17. Rfe1 1/2-1/2

[Event "Kieler Open 2015 Gruppe A"]
[Site "Kiel"]
[Date "2015.07.28"]
[Round "6.1"]
[White "Stopa, Jacek"]
[Black "Dgebuadze, Alexandre"]
[Result "1/2-1/2"]
[WhiteElo "2541"]
[BlackElo "2490"]
[PlyCount "122"]
[EventDate "2015.??.??"]
[WhiteTeam "Polen"]
[BlackTeam "SC 1950 Remagen"]

1. d4 Nf6 2. c4 e6 3. g3 c5 4. Nf3 cxd4 5. Nxd4 d5 6. Bg2 e5 7. Nf3 d4 8. O-O
Nc6 9. e3 Be7 10. exd4 exd4 11. Bf4 O-O 12. Ne5 Qb6 13. Qb3 Na5 14. Qxb6 axb6
15. Nd2 Nh5 16. Rfe1 Nxf4 17. gxf4 Bb4 18. Rad1 Bf5 19. Be4 Bxe4 20. Rxe4 Rfd8
21. Nb3 Nxb3 {(=)} 22. axb3 Bc5 23. Nd3 Re8 24. Rde1 Rxe4 25. Rxe4 g6 26. Kg2
Rd8 27. Kf3 Kg7 28. Re5 Kf6 29. b4 Bd6 30. Rd5 Ke6 31. Rxd4 f5 32. Ke3 Be7 33.
Rxd8 Bxd8 34. b5 Bf6 35. f3 Kd6 36. b4 Bc3 37. Ke2 Bd4 38. Kd2 Bg1 39. h3 Bd4
40. Nc1 Bg7 41. Ne2 Bh6 42. Ke3 Bg7 43. Kd3 Bh6 44. Nc3 Bxf4 45. Nd5 Bg3 46.
Nxb6 g5 47. c5+ Ke6 48. Nc4 h5 49. Ne3 Be1 50. Nc2 Bf2 51. b6 g4 52. fxg4 fxg4
53. hxg4 hxg4 54. Ne3 g3 55. c6 g2 56. cxb7 Bg3 57. Nxg2 Kd5 58. Nh4 Kc6 59.
Nf5 Bh2 60. Kc4 Kxb6 61. Nd6 Bxd6 1/2-1/2

[Event "Kieler Open 2015 Gruppe A"]
[Site "Kiel"]
[Date "2015.07.28"]
[Round "6.2"]
[White "Jahncke, Giso"]
[Black "Baramidze, David"]
[Result "0-1"]
[WhiteElo "2308"]
[BlackElo "2596"]
[PlyCount "26"]
[EventDate "2015.??.??"]
[WhiteTeam "Preetzer TSV"]
[BlackTeam "SV Hockenheim"]

1. Nf3 d5 2. d4 Nf6 3. c4 c6 4. e3 a6 5. Bd3 b5 6. b3 Bg4 7. Nbd2 Nbd7 8. Qc2
e6 9. Bb2 Bd6 10. Ne5 Bxe5 11. dxe5 dxc4 12. Nxc4 bxc4 13. Qxc4 Nb6 0-1

[Event "Kieler Open 2015 Gruppe A"]
[Site "Kiel"]
[Date "2015.07.28"]
[Round "6.3"]
[White "Lanka, Zigurds"]
[Black "Johansson, Thomas"]
[Result "1-0"]
[WhiteElo "2419"]
[BlackElo "2203"]
[PlyCount "71"]
[EventDate "2015.??.??"]
[WhiteTeam "TSV Schott Mainz"]
[BlackTeam "UASS Uppsala"]

1. e4 e5 2. Nf3 Nc6 3. Bb5 a6 4. Ba4 Nf6 5. O-O Be7 6. Re1 b5 7. Bb3 d6 8. c3
O-O 9. d3 Na5 10. Bc2 c5 11. Nbd2 Re8 12. Nf1 Bf8 13. Ne3 g6 14. h3 Bg7 15. a4
Bb7 16. b4 cxb4 17. cxb4 Nc6 18. Bb3 Nd4 19. Nxd4 exd4 20. Nc2 Nd7 21. axb5
axb5 22. Rxa8 Qxa8 23. Bb2 d5 24. Bxd4 dxe4 25. Bxg7 Kxg7 26. dxe4 Ne5 27. Qe2
f5 28. Nd4 Nc4 29. Bxc4 bxc4 30. Qxc4 Rxe4 31. Qc7+ Kh6 32. Rxe4 Bxe4 33. Ne6
Qa1+ 34. Kh2 Qf6 35. Qc1+ g5 36. h4 1-0

[Event "Kieler Open 2015 Gruppe A"]
[Site "Kiel"]
[Date "2015.07.28"]
[Round "6.4"]
[White "Wichmann, Cliff"]
[Black "Krause, Jonah"]
[Result "1-0"]
[WhiteElo "2358"]
[BlackElo "2259"]
[PlyCount "89"]
[EventDate "2015.??.??"]
[WhiteTeam "ESV Nickelhütte Aue"]
[BlackTeam "SV Bargteheide"]

1. d4 Nf6 2. Nf3 g6 3. c4 Bg7 4. Nc3 O-O 5. e4 d6 6. Be2 e5 7. Be3 Ng4 8. Bg5
f6 9. Bc1 f5 10. dxe5 Nxe5 11. exf5 Bxf5 12. O-O Nbc6 13. Be3 Qd7 14. Qd2 Kh8
15. Nd4 Qf7 16. Nxf5 gxf5 17. Nd5 Rae8 18. h3 Ng6 19. Bh5 b6 20. Rae1 Nce5 21.
b3 c5 22. Bf4 Rd8 23. Kh1 Nc6 24. Re2 Be5 25. Rfe1 Rde8 26. Bh6 Rg8 27. Bg5 Nd4
28. Rxe5 dxe5 29. Bf6+ Rg7 30. Rxe5 Rxe5 31. Bxe5 Qe6 32. Bf6 Kg8 33. Bxg7 Kxg7
34. Qe3 Qxe3 35. fxe3 Nc6 36. Bxg6 hxg6 37. Kg1 Ne5 38. Kf2 Nd3+ 39. Kf3 Ne5+
40. Ke2 Kf7 41. e4 fxe4 42. Ke3 Nc6 43. Kxe4 Ke6 44. Kf4 Nd4 45. Kg5 1-0

[Event "Kieler Open 2015 Gruppe A"]
[Site "Kiel"]
[Date "2015.07.28"]
[Round "6.5"]
[White "Plüg, Andreas"]
[Black "Voloshin, Leonid"]
[Result "0-1"]
[WhiteElo "2295"]
[BlackElo "2417"]
[PlyCount "64"]
[EventDate "2015.??.??"]
[WhiteTeam "Preetzer TSV"]
[BlackTeam "Jicin"]

1. d4 c5 2. d5 e5 3. e4 d6 4. Nc3 a6 5. a4 Be7 6. Nf3 Bg4 7. Be2 Bxf3 8. Bxf3
Bg5 9. O-O Bxc1 10. Qxc1 Ne7 11. a5 O-O 12. Qd2 g6 13. Na4 Nd7 14. b4 Rc8 15.
Rfb1 c4 16. b5 f5 17. bxa6 bxa6 18. Nb6 Rc5 19. Nxd7 Qxd7 20. Rb6 fxe4 21. Bxe4
Rb5 22. Rb1 Nc8 23. Rb8 Rxb8 24. Rxb8 Qc7 25. Rb1 c3 26. Qh6 Qc5 27. Bf3 Qa7
28. Qe3 Qc7 29. h4 Ne7 30. Qb6 Qxb6 31. Rxb6 Rf4 32. Rxa6 Ra4 0-1

[Event "Kieler Open 2015 Gruppe A"]
[Site "Kiel"]
[Date "2015.07.28"]
[Round "6.6"]
[White "Schnitzer, Peter"]
[Black "Ernst, Thomas"]
[Result "0-1"]
[WhiteElo "2178"]
[BlackElo "2349"]
[PlyCount "56"]
[EventDate "2015.??.??"]
[WhiteTeam "SC Kreuzberg"]
[BlackTeam "Farsta SK"]

1. e4 e5 2. Nf3 Nc6 3. Bb5 a6 4. Ba4 b5 5. Bb3 Na5 6. Bxf7+ Kxf7 7. Nxe5+ Ke7
8. d4 d6 9. Bg5+ Nf6 10. Nd3 h6 11. Bh4 g5 12. Bg3 Kf7 13. e5 dxe5 14. dxe5 Nd5
15. Nc3 Bb7 16. Qh5+ Kg7 17. e6 Qe8 18. Be5+ Nf6 19. Qg4 Nc4 20. Bxf6+ Kxf6 21.
Qd4+ Kg6 22. O-O-O Bg7 23. Qc5 Qc6 24. Qe7 Rhf8 25. Nb4 Qxg2 26. Rhg1 Qxh2 27.
Qc5 Qxf2 28. Qxc7 Qf4+ 0-1

[Event "Kieler Open 2015 Gruppe A"]
[Site "Kiel"]
[Date "2015.07.28"]
[Round "6.7"]
[White "Hoffmann, Hendrik"]
[Black "Stolz, Mike"]
[Result "1-0"]
[WhiteElo "2159"]
[BlackElo "2335"]
[PlyCount "101"]
[EventDate "2015.??.??"]
[WhiteTeam "SG Leipzig"]
[BlackTeam "SV Magdeburg"]

1. e4 c5 2. Nf3 Nc6 3. d4 cxd4 4. Nxd4 Nf6 5. Nc3 g6 6. Be3 Bg7 7. Bc4 O-O 8.
f3 Ne5 9. Bb3 d6 10. Qd2 Bd7 11. O-O-O Rc8 12. Kb1 Re8 13. h4 h5 14. Bh6 Bh8
15. Bg5 Rc5 16. g4 hxg4 17. f4 Nc4 18. Qe2 Na3+ 19. bxa3 Rxc3 20. e5 Qb6 21. e6
fxe6 22. Bxf6 Bxf6 23. Qxg4 Kf7 24. Nf3 Rxf3 25. Qxf3 Bc6 26. Qg4 Bxh1 27.
Qxe6+ Kg7 28. Qf7+ Kh6 29. f5 gxf5 30. h5 Kg5 31. Qxe8 Bf3 32. Qg8+ Kf4 33. Rf1
Qd4 34. Qc4 Qxc4 35. Bxc4 e5 36. h6 e4 37. h7 Kg3 38. Rg1+ Bg2 39. Bf1 Kf2 40.
Rxg2+ Kxf1 41. Rg5 Bc3 42. Rxf5+ Ke2 43. Rf8 Kd2 44. Rd8 e3 45. Rxd6+ Ke2 46.
Rd3 Bg7 47. Rd7 Bc3 48. Kc1 Kf2 49. Rf7+ Ke2 50. Rxb7 a5 51. Rb8 1-0

[Event "Kieler Open 2015 Gruppe A"]
[Site "Kiel"]
[Date "2015.07.28"]
[Round "6.8"]
[White "Lindborg, Petter"]
[Black "Friedel, Marcus"]
[Result "1-0"]
[WhiteElo "2197"]
[BlackElo "2121"]
[PlyCount "67"]
[EventDate "2015.??.??"]
[WhiteTeam "Solna SchackSälsskap"]
[BlackTeam "SK Ettlingen"]

1. d4 d5 2. c4 c6 3. Nf3 Nf6 4. e3 a6 5. Qc2 e6 6. b3 Nbd7 7. Bb2 Be7 8. Bd3
O-O 9. O-O h6 10. Nbd2 b6 11. Ne5 Nxe5 12. dxe5 Nd7 13. Rad1 Bb7 14. f4 f5 15.
exf6 Bxf6 16. e4 Bxb2 17. Qxb2 Qe7 18. e5 Rfd8 19. Bb1 Nf8 20. cxd5 cxd5 21.
Qd4 Qc5 22. Nf3 Bc6 23. Rc1 Qxd4+ 24. Nxd4 Bd7 25. Bd3 Rdc8 26. Kf2 Rxc1 27.
Rxc1 Rc8 28. Rxc8 Bxc8 29. b4 Kf7 30. Ke3 Nd7 31. Nc6 Ke8 32. Bg6+ Kf8 33. Kd4
Kg8 34. Ne7+ 1-0

[Event "Kieler Open 2015 Gruppe A"]
[Site "Kiel"]
[Date "2015.07.28"]
[Round "6.9"]
[White "Pick, Stefan"]
[Black "Niering, Martin"]
[Result "0-1"]
[WhiteElo "2101"]
[BlackElo "2178"]
[PlyCount "82"]
[EventDate "2015.??.??"]
[WhiteTeam "SK Kerpen"]
[BlackTeam "SV Magdeburg"]

1. d4 d5 2. Nf3 Nf6 3. Bg5 Nbd7 4. Nbd2 h6 5. Bf4 g5 6. Bg3 Bg7 7. h3 Ne4 8.
Bh2 c5 9. e3 Qb6 10. Rb1 cxd4 11. Nxe4 dxe4 12. Nxd4 O-O 13. c3 Ne5 14. Be2 Ng6
15. O-O e5 16. Nb5 Be6 17. c4 Rfd8 18. Qc2 Qc6 19. b4 f5 20. Rfd1 a6 21. Na3
Nh4 22. c5 Rd3 23. Nc4 Rad8 24. Bg3 Qd5 25. Bxh4 Qxc4 26. Bxd3 exd3 27. Qxc4
Bxc4 28. Bg3 f4 29. Bh2 Bxa2 30. Rb2 Bc4 31. e4 Bf8 32. f3 a5 33. bxa5 Bxc5+
34. Kh1 Ba6 35. Bg1 Be3 36. g3 d2 37. Kg2 Be2 38. Rbb1 Rc8 39. gxf4 gxf4 40.
Rxd2 Bxd2 41. Rxb7 Bxa5 0-1

[Event "Kieler Open 2015 Gruppe A"]
[Site "Kiel"]
[Date "2015.07.28"]
[Round "6.10"]
[White "Junge, Ralph"]
[Black "Pluska, Alexander"]
[Result "1/2-1/2"]
[WhiteElo "2214"]
[BlackElo "2030"]
[PlyCount "73"]
[EventDate "2015.??.??"]
[WhiteTeam "SG Turm Kiel"]
[BlackTeam "SK Doppelbauer Kiel"]

1. d4 d5 2. Nc3 Nf6 3. Bg5 Bf5 4. f3 c5 5. dxc5 d4 6. e4 dxc3 7. Qxd8+ Kxd8 8.
exf5 cxb2 9. Rb1 Nfd7 10. Be3 Nc6 11. Rxb2 Kc7 12. Bf4+ Kc8 13. Bc4 Nce5 14.
Bd5 Rb8 15. Bxe5 Nxe5 16. f4 e6 17. fxe6 Ng6 18. Ne2 fxe6 19. Bxe6+ Kc7 20. h4
Bxc5 21. h5 Ne7 22. f5 h6 23. Rh3 Rhf8 24. Rg3 Nxf5 25. Bxf5 Rxf5 26. Rxg7+ Kd8
27. Rgxb7 Rxb7 28. Rxb7 Rxh5 {(=)} 29. c3 Be3 30. Nd4 Bxd4 31. cxd4 Ra5 32. Rb2
Kd7 33. g3 Kd6 34. Rf2 Ra3 35. Rf6+ Kd5 36. Rxh6 Kxd4 37. Rd6+ 1/2-1/2

[Event "Kieler Open 2015 Gruppe A"]
[Site "Kiel"]
[Date "2015.07.28"]
[Round "6.11"]
[White "Magnussen, Helge"]
[Black "Voelzke, Ferdinand"]
[Result "0-1"]
[WhiteElo "2054"]
[BlackElo "2149"]
[PlyCount "82"]
[EventDate "2015.??.??"]
[WhiteTeam "Elmshorner SC"]
[BlackTeam "SG Turm Kiel"]

1. d4 Nf6 2. c4 d6 3. Nf3 Nbd7 4. g3 e5 5. Bg2 Be7 6. O-O O-O 7. Nc3 Re8 8. e4
Bf8 9. Qc2 c6 10. h3 h6 11. Be3 exd4 12. Nxd4 Ne5 13. b3 Ng6 14. Rad1 Qa5 15.
Nce2 d5 16. cxd5 cxd5 17. b4 Bxb4 18. Nb3 Qd8 19. exd5 Bd6 20. Rfe1 Bd7 21. Qb1
Rxe3 22. fxe3 Nh5 23. Nf4 Qg5 24. Nd2 Nxg3 25. Nf3 Qf6 26. Nxg6 fxg6 27. Qxb7
Rd8 28. Qxa7 g5 29. Qd4 Qe7 30. Rc1 h5 31. e4 g4 32. e5 gxf3 33. Bxf3 Qg5 34.
Kf2 Nf5 35. Rg1 Qxg1+ 36. Rxg1 Nxd4 37. exd6 Nxf3 38. Kxf3 Bxh3 39. Kf4 Rxd6
40. Ke5 Rd7 41. a4 Ra7 0-1

[Event "Kieler Open 2015 Gruppe A"]
[Site "Kiel"]
[Date "2015.07.28"]
[Round "6.12"]
[White "Buchholz, Sebastian"]
[Black "Lorenzen, Jan-Hendrik"]
[Result "1-0"]
[WhiteElo "2143"]
[BlackElo "2018"]
[PlyCount "77"]
[EventDate "2015.??.??"]
[WhiteTeam "SK Doppelbauer Kiel"]
[BlackTeam "SC Agon Neumünster"]

1. Nf3 g6 2. c4 c5 3. g3 Bg7 4. Bg2 Nc6 5. Nc3 Nf6 6. O-O O-O 7. d3 d6 8. Bg5
h6 9. Bd2 Bd7 10. Rb1 Qc8 11. Re1 Bh3 12. Bh1 Re8 13. a3 Ng4 14. b4 cxb4 15.
axb4 Qf5 16. Nd5 Bd4 17. e3 Bb6 18. Nf4 Nge5 19. Nxh3 Qxh3 20. Nxe5 Nxe5 21.
Qe2 Ng4 22. f3 Nf6 23. f4 Rab8 24. Bg2 Qd7 25. Qf3 Qa4 26. Qd1 Qd7 27. Qf3 Qa4
{(=)} 28. Kh1 h5 29. Rec1 Rec8 30. h3 a6 31. Bc3 Qe8 32. Rf1 Bd8 33. f5 b5 34.
Qf4 Nh7 35. fxg6 fxg6 36. Qh6 e5 37. Bd5+ Kh8 38. Rf7 Bg5 39. Qg7# 1-0

[Event "Kieler Open 2015 Gruppe A"]
[Site "Kiel"]
[Date "2015.07.28"]
[Round "6.13"]
[White "Neumann, Frank"]
[Black "Homuth, Manfred"]
[Result "0-1"]
[WhiteElo "2027"]
[BlackElo "2142"]
[PlyCount "90"]
[EventDate "2015.??.??"]
[WhiteTeam "SC Agon Neumünster"]
[BlackTeam "Eckernförder SC"]

1. d4 Nf6 2. Nf3 g6 3. c4 Bg7 4. g3 O-O 5. Bg2 d6 6. Nc3 Nc6 7. d5 Na5 8. Nd2
c5 9. Qc2 a6 10. a4 e5 11. O-O Rb8 12. b3 Bd7 13. Bb2 Bh6 14. e3 Bf5 15. e4 Bd7
16. Rae1 Bxd2 17. Qxd2 Nxb3 18. Qd3 Nh5 19. f4 f6 20. Bf3 Ng7 21. Bd1 Nd4 22.
fxe5 fxe5 23. Rxf8+ Qxf8 24. Rf1 Qe7 25. a5 Rf8 26. Rxf8+ Qxf8 27. Nb1 Ne8 28.
Nd2 Nf6 29. Qf1 Ng4 30. Qxf8+ Kxf8 31. Nf1 Nf6 32. Nd2 Bg4 33. Bxg4 Nxg4 34. h3
Ne3 35. Bxd4 cxd4 36. Kf2 Ke7 37. Ke2 Kd7 38. Kd3 Kc7 39. Nf3 b6 40. Ng5 bxa5
41. Nxh7 a4 42. Nf8 a3 43. Ne6+ Kd7 44. c5 a2 45. c6+ Kc8 0-1

[Event "Kieler Open 2015 Gruppe A"]
[Site "Kiel"]
[Date "2015.07.28"]
[Round "6.14"]
[White "Haffner, Alexander"]
[Black "Müller, Winus"]
[Result "0-1"]
[WhiteElo "2136"]
[BlackElo "1927"]
[PlyCount "86"]
[EventDate "2015.??.??"]
[WhiteTeam "SK Doppelbauer Kiel"]
[BlackTeam "SG Plöner See"]

1. d4 Nf6 2. Nf3 e6 3. c4 Bb4+ 4. Bd2 Bxd2+ 5. Qxd2 O-O 6. Nc3 d5 7. e3 c6 8.
Bd3 Nbd7 9. O-O h6 10. Rad1 Qe7 11. b3 e5 12. dxe5 Nxe5 13. Nxe5 Qxe5 14. cxd5
cxd5 15. Be2 Rd8 16. Qd4 Qxd4 17. Rxd4 Be6 18. Bf3 Rac8 19. Ne2 g5 20. h3 h5
21. g4 hxg4 22. hxg4 b5 23. Kh2 Kg7 24. Kg3 a6 25. Rfd1 Rc2 26. a4 Rb8 27. Rb4
Bd7 28. axb5 a5 29. Nd4 Rxf2 30. Ra4 Rxf3+ 31. Nxf3 Bxb5 32. Rxa5 Be2 33. Rb1
Ne4+ 34. Kg2 Bxf3+ 35. Kxf3 Nd2+ 36. Kg3 Nxb1 37. Rxd5 f6 38. Rd3 Rb4 39. Kf3
Rxb3 40. Rd7+ Kg6 41. Re7 Nd2+ 42. Ke2 Nc4 43. Re4 Ne5 0-1